[Event "DEM U10 2017"]
[Site "Willingen GER"]
[Date "2017.06.06"]
[Round "5"]
[White "Fröhlich, Niklas"]
[Black "Cromm, Mika"]
[Result "0-1"]
[Termination "normal"]
[Board "26"]
[WhiteElo "1023"]
[BlackElo "1175"]
[PlyCount "84"]
[WhiteFideId "16245016"]
[BlackFideId "16244915"]
[EventCountry "GER"]
[EventRounds "11"]
[EventType "swiss"]
[EventDate "2017.06.03"]

1. e4 e5 2. Nf3 Nc6 3. Nc3 Nf6 4. Bc4 h6 5. d3 Bc5 6. h3 Bb6 7. Be3 d6 8. O-O
O-O 9. Nd2 Be6 10. Qf3 Qd7 11. Qg3 Kh8 12. Bxe6 fxe6 13. Nf3 Qf7 14. Nh4 Kh7
15. Kh1 d5 16. Ne2 dxe4 17. dxe4 Nxe4 18. Qf3 Qxf3 19. Nxf3 Rf6 20. Rad1 Raf8
21. Rd7 Nd6 22. Bxb6 axb6 23. Rxc7 e4 24. Nd2 Rxf2 25. Re1 R8f6 26. Rd7 e5 27.
a3 Rg6 28. Rxd6 Rgxg2 29. b4 Rxe2 30. Rxe2 Rxe2 31. Nc4 Rxc2 32. Ne3 Rc3 33. b5
Rxe3 34. bxc6 bxc6 35. Rxc6 Rxh3+ 36. Kg2 Rxa3 37. Rxb6 h5 38. Rb2 Kh6 39. Re2
Ra4 40. Kh3 g5 41. Re3 Kg6 42. Kg2 Rd4 0-1

[Event "DEM U10 2017"]
[Site "Willingen GER"]
[Date "2017.06.06"]
[Round "5"]
[White "Bock, Marlon"]
[Black "Zinnikus, Elias"]
[Result "1/2-1/2"]
[Termination "normal"]
[Board "27"]
[WhiteElo "1148"]
[BlackElo "776"]
[PlyCount "62"]
[WhiteFideId "16244931"]
[BlackFideId "16245024"]
[EventCountry "GER"]
[EventRounds "11"]
[EventType "swiss"]
[EventDate "2017.06.03"]

1. d4 Nf6 2. Nf3 g6 3. e3 Bg7 4. Bd3 d6 5. O-O O-O 6. b3 Nc6 7. a3 Bg4 8. Nbd2
e5 9. c4 Re8 10. dxe5 dxe5 11. Be2 Qd7 12. Bb2 e4 13. Ne1 Rad8 14. Bc3 Bxe2 15.
Qxe2 Ng4 16. Bxg7 Kxg7 17. Rd1 Qd6 18. Qxg4 Qxa3 19. Nc2 Qe7 20. Rfe1 Rd6 21.
f3 exf3 22. Qxf3 Rf6 23. Qe2 Qe5 24. Rf1 Rf5 25. Rxf5 Qxf5 26. Nf3 Qe4 27. Re1
a6 28. Rf1 b5 29. cxb5 axb5 30. Ng5 Qd5 31. h4 f6 1/2-1/2

[Event "DEM U10 2017"]
[Site "Willingen GER"]
[Date "2017.06.06"]
[Round "5"]
[White "Prizker, Maximilian"]
[Black "Friedhoff, Mirco"]
[Result "1-0"]
[Termination "normal"]
[Board "28"]
[WhiteElo "1016"]
[BlackElo "1095"]
[PlyCount "103"]
[WhiteFideId "16225686"]
[BlackFideId "16243447"]
[EventCountry "GER"]
[EventRounds "11"]
[EventType "swiss"]
[EventDate "2017.06.03"]

1. e4 e5 2. Nf3 Nf6 3. d4 d6 4. dxe5 dxe5 5. Qxd8+ Kxd8 6. Nxe5 Ke8 7. Nc3 Bd6
8. Nf3 Bg4 9. Be2 Nc6 10. Bg5 Be7 11. h3 Be6 12. a3 Rd8 13. O-O Nd4 14. Rad1
Nxe2+ 15. Nxe2 Bc4 16. Rxd8+ Bxd8 17. Bxf6 Bxe2 18. Re1 Bxf3 19. Bxd8 Bxg2 20.
Bxc7 Bxh3 21. Rd1 Bg4 22. Rd8+ Ke7 23. Rxh8 h6 24. b4 Kd7 25. Bb8 a6 26. Ba7
Ke7 27. Rb8 h5 28. Rxb7+ Kf6 29. Rb6+ Kg5 30. Rxa6 Be2 31. Kh2 Bxa6 32. a4 Kg4
33. b5 Bb7 34. a5 Bxe4 35. b6 Bb7 36. c4 Kf5 37. c5 Ke6 38. c6 Bxc6 39. a6 g5
40. b7 g4 41. b8=Q h4 42. Qc8+ Bd7 43. Qc4+ Kf6 44. Bd4+ Kg5 45. a7 Be6 46.
Qc5+ f5 47. a8=Q Kf4 48. Qe5+ Kg5 49. Be3+ Kg6 50. Qxe6+ Kg7 51. Qa7+ Kf8 52.
Qaf7# 1-0

[Event "DEM U10 2017"]
[Site "Willingen GER"]
[Date "2017.06.06"]
[Round "5"]
[White "Brandstrup, Luca Alexander"]
[Black "Hubert, Nikita"]
[Result "1-0"]
[Termination "normal"]
[Board "29"]
[WhiteElo "1083"]
[BlackElo "957"]
[PlyCount "37"]
[WhiteFideId "16244990"]
[BlackFideId "16235754"]
[EventCountry "GER"]
[EventRounds "11"]
[EventType "swiss"]
[EventDate "2017.06.03"]

1. e4 e5 2. Nf3 Nc6 3. d4 exd4 4. Nxd4 Bc5 5. Be3 Nxd4 6. Bxd4 Bb6 7. Bxg7 f6
8. Qh5+ Ke7 9. Bc4 Bd4 10. Qf7+ Kd6 11. Qd5+ Ke7 12. Qxd4 d6 13. Qd5 Kd7 14.
Bxh8 Ne7 15. Qe6+ Ke8 16. Qxf6 c6 17. Bg7 Kd7 18. Qf8 Qb6 19. Bf6 1-0